00651nam a22000977a 4500040000800000082002700008100004300035245043600078260001900514856002000533 cRUA aLMA NOU 2015 B495 Or.1 aNOURN CHORVORN; នួន ឆវ័ន aStudy forest cover exchange in chhlong district, kratie province from 2004-2014 by using arcgis and remote sensing, ការសិក្សាពីប្រែប្រួលគម្របព្រៃឈើក្នុងស្រុកឆ្លូងខេត្តក្រចេះពីឆ្នាំ២០០៤-២០១៤​ដោយប្រើប្រាស់កម្មវិធី ArcGIS និង REMOTE SENSING aRUAbNOUc2015 u NOURN CHORVORN